| 000 | 00498nam a2200169 a 4500 | ||
|---|---|---|---|
| 001 | 000039527 | ||
| 005 | 20201002031705.0 | ||
| 008 | 130705s1976 mx 000 0 spa d | ||
| 040 |
_aDO-SdBNP _bspa _cBNPHU |
||
| 082 |
_axxx _bxxx |
||
| 100 | 1 |
_aOppenheim, Felix E. _965701 |
|
| 245 | 1 | 0 |
_aÉtica y filosofía política / _cFelix E. Oppenheim. |
| 260 |
_aMéxico : _bFondo de Cultura Económica, _c1976. |
||
| 300 |
_a247 p. ; _c18 cm. |
||
| 490 | 1 |
_aBrevarios _v252 |
|
| 830 | 0 |
_aBrevarios _v252 _914231 |
|
| 999 |
_c39017 _d39017 |
||